| 000 | 00541nam a2200169Ia 4500 | ||
|---|---|---|---|
| 008 | 230917s9999||||xx |||||||||||||| ||und|| | ||
| 020 | _cRS 1100.00 | ||
| 040 |
_e5006343 _aMAIN |
||
| 041 | _aEnglish | ||
| 082 | _a342.54087 D696H | ||
| 100 | _aDolly Singh | ||
| 245 | 0 | _aHandbook of rights of persons with disabilities act, 2016: A brief description of 21 disabilities | |
| 260 |
_aNew Delhi _bKanishka Publishers, Distributors _c2020 |
||
| 300 | _aviii, 360 p. | ||
| 500 | _a5055 31/01/2023 KPD21/432 23/11/2021 Main Budget | ||
| 942 | _cBK | ||
| 999 |
_c8781 _d8781 |
||